Perspektívy celoživotného vzdelávania v stratégiách vysokých škôl
Komparatívna analýza rôznych teoretických prístupov k vymedzeniu úlohy marketingu vo vysokoškolskom vzdelávaní a identifikovanie aktuálnych trendov a výziev najmä v súvislosti s novými trendami na trhu vysokoškolského vzdelávania v kontexte stratégií celoživotného vzdelávania, najmä na európskej úro...
Gespeichert in:
| 1. Verfasser: | |
|---|---|
| Format: | Buchkapitel |
| Sprache: | Slowakisch |
| Schlagworte: | |
| Tags: |
Keine Tags, Fügen Sie das erste Tag hinzu!
|
MARC
| LEADER | 00000nla a2200000 4500 | ||
|---|---|---|---|
| 001 | 0212181 | ||
| 005 | 20240502073534.6 | ||
| 041 | 0 | |a slo | |
| 044 | |a SK | ||
| 245 | 1 | 0 | |a Perspektívy celoživotného vzdelávania v stratégiách vysokých škôl |c Eva Bikárová |
| 520 | |a Komparatívna analýza rôznych teoretických prístupov k vymedzeniu úlohy marketingu vo vysokoškolskom vzdelávaní a identifikovanie aktuálnych trendov a výziev najmä v súvislosti s novými trendami na trhu vysokoškolského vzdelávania v kontexte stratégií celoživotného vzdelávania, najmä na európskej úrovni. | ||
| 610 | 2 | 0 | |a univerzity |
| 610 | 2 | 0 | |a školy vysoké |
| 610 | 2 | 0 | |a štúdium vysokoškolské |
| 610 | 2 | 0 | |a programy študijné |
| 610 | 2 | 0 | |a vzdelávanie celoživotné |
| 610 | 2 | 0 | |a vzdelávanie vysokoškolské |
| 610 | 2 | 0 | |a vzdelávanie terciárne |
| 100 | 1 | |a Bikárová, Eva | |